000 00713nam a2200241 a 4500
008
020 _a0333403819 (pbk.)
049 _aMAIN
090 _aQA276.2
_bBAL
100 1 _aBall, A.D.
245 1 0 _aWork out statistics 'A' level /
_cA.D. Ball and G.D. Buckwell.
260 _aLondon :
_bMacmillan,
_c1986.
300 _axii, 263 p. :
_bill. ;
_c30 cm.
440 _aMacMillan master series.
500 _aIncludes index.
650 0 _aMathematical statistics
_xExaminations, questions, etc.
700 1 _aBuckwell, G.D.
907 _a.b10045508
_b06-11-12
_c17-04-03
003
005 20230123133216.0
040 _cNUST
942 _cBOOKS
_kQA276.2
_mBAL
999 _c144612
_d144612